| 000 | 00808cab a2200277 4500 | ||
|---|---|---|---|
| 001 | WB3212-10 | ||
| 008 | 090401t1996 xxu||||| |||| 00| 0 eng d | ||
| 035 | _a(Sirsi) u56555 | ||
| 041 | _aeng | ||
| 245 | _aShoppers shun hypermarkets | ||
| 260 | _c1996 | ||
| 350 | _a0 | ||
| 490 |
_aTimes _v18 March 1996, 6(1) |
||
| 520 | _aAmerican-style hypermarkets have failed to catch on with British customers causing two of the three `shopping clubs` set up, to go into liquidation. | ||
| 650 | _aAMERICAN-STYLE | ||
| 650 | _aBULK SHOPPING | ||
| 650 | _aCOST | ||
| 650 | _aHYPERMARKETS | ||
| 650 | _aLIQUIDATION | ||
| 650 | _aRETAILING | ||
| 650 | _aSHOPPING CLUBS | ||
| 650 | _aWAREHOUSE SHOPPING | ||
| 690 | _aPROPERTY-COMMERCIAL PROPERTY-RETAIL PROPERTY | ||
| 942 | _n0 | ||
| 948 | _c04/03/1997 | ||
| 999 |
_c34499 _d34499 |
||